000 00775nam a2200229Ia 4500
003 OSt
005 20220926020434.0
006 a|||||r|||| 00| 0
007 ta
008 220923b |||||||| |||| 00| 0 eng d
020 _a9780415622028
_c9936.30
037 _b111920, 07/03/2018, International Book Distrobutors
_cGeneral Book
040 _aRTL
_cRTL
_beng
041 _2eng
_aeng
082 _aX:3L, Q7
100 _aRASSEKH Farhad
_9324425
245 0 _aFour central theories of the market economy
_b Conception, evolution and application
260 _aNew York
_bRoutledge
_c2017
300 _axix, 197p
_ccm.
942 _hX:3L, Q7
_cGB
_2CC
999 _c634235
_d634235